| 000 | 00607nam a2200241Ia 4500 | ||
|---|---|---|---|
| 003 | OSt | ||
| 005 | 20220912153133.0 | ||
| 006 | a|||||r|||| 00| 0 | ||
| 007 | ta | ||
| 008 | 220909b |||||||| |||| 00| 0 eng d | ||
| 024 | _a19180 | ||
| 037 | _cTextual | ||
| 040 |
_aCSL _beng _cCSL |
||
| 041 | _aeng | ||
| 082 | _aB, L61 | ||
| 100 | _aMelzak Z. A. | ||
| 245 | 0 | _aMathematical Ideas, Modeling and Applications | |
| 300 |
_ap. _ccm. |
||
| 500 | _aAppendix 371-400p; Bibliography 400-407p | ||
| 650 | _aMathematics | ||
| 942 |
_hB, L61 _cTEXL _2CC |
||
| 999 |
_c98734 _d98734 |
||